EDA for IC implementation, circuit design, and process technology / (Record no. 8293)
[ view plain ]
| 000 -LEADER | |
|---|---|
| fixed length control field | 01434nac a22003251u 4500 |
| 010 ## - LIBRARY OF CONGRESS CONTROL NUMBER | |
| LC control number | 2005052941 |
| 020 ## - INTERNATIONAL STANDARD BOOK NUMBER | |
| International Standard Book Number | 0849379245 |
| 020 ## - INTERNATIONAL STANDARD BOOK NUMBER | |
| International Standard Book Number | 0849330963 (set) |
| 020 ## - INTERNATIONAL STANDARD BOOK NUMBER | |
| International Standard Book Number | 9780849379246 |
| 035 ## - SYSTEM CONTROL NUMBER | |
| System control number | (OCoLC)ocm61748500 |
| 082 00 - DEWEY DECIMAL CLASSIFICATION NUMBER | |
| Classification number | 621.3815 |
| Item number | SCH |
| 090 ## - LOCALLY ASSIGNED LC-TYPE CALL NUMBER (OCLC); LOCAL CALL NUMBER (OCLC) | |
| -- | 8293 |
| -- | 8293 |
| 100 ## - MAIN ENTRY--PERSONAL NAME | |
| Personal name | Scheffer, Louis [ed.] |
| 245 00 - TITLE STATEMENT | |
| Title | EDA for IC implementation, circuit design, and process technology / |
| Statement of responsibility, etc | edited by Louis Scheffer, Luciano Lavagno, Grant Martin. |
| 246 3# - VARYING FORM OF TITLE | |
| Title proper/short title | Electronic design automation for integrated circuit implementation, circuit design, and process technology |
| 260 ## - PUBLICATION, DISTRIBUTION, ETC. (IMPRINT) | |
| Place of publication, distribution, etc | Boca Raton, FL : |
| Name of publisher, distributor, etc | CRC Taylor & Francis,c.2006. |
| Date of publication, distribution, etc | c.2006. |
| 300 ## - PHYSICAL DESCRIPTION | |
| Extent | 1 v. (various pagings) : |
| Other physical details | ill. (some col.) ; |
| Dimensions | 27 cm. |
| 440 #0 - | |
| -- | Electronic design automation for integrated circuits handbook |
| 500 ## - GENERAL NOTE | |
| General note | Companion volume of: EDA for IC system design, verification, and testing. |
| 500 ## - GENERAL NOTE | |
| General note | Distributer: Al-Ahram. |
| 504 ## - BIBLIOGRAPHY, ETC. NOTE | |
| Bibliography, etc | Includes bibliographical references and index. |
| 511 ## - PARTICIPANT OR PERFORMER NOTE | |
| Participant or performer note | Catalogued By: Mahitab. |
| 650 #0 - SUBJECT ADDED ENTRY--TOPICAL TERM | |
| Topical term or geographic name as entry element | Integrated circuits |
| General subdivision | Computer-aided design. |
| 650 #0 - SUBJECT ADDED ENTRY--TOPICAL TERM | |
| Topical term or geographic name as entry element | Integrated circuits |
| General subdivision | Design and construction. |
| 700 1# - ADDED ENTRY--PERSONAL NAME | |
| Personal name | Scheffer, Lou. |
| 700 1# - ADDED ENTRY--PERSONAL NAME | |
| Personal name | Lavagno, Luciano, |
| Dates associated with a name | 1959- |
| 700 1# - ADDED ENTRY--PERSONAL NAME | |
| Personal name | Martin, Grant |
| Fuller form of name | (Grant Edmund) |
| 856 42 - ELECTRONIC LOCATION AND ACCESS | |
| Materials specified | Publisher description |
| Uniform Resource Identifier | <a href="http://www.loc.gov/catdir/enhancements/fy0664/2005052941-d.html">http://www.loc.gov/catdir/enhancements/fy0664/2005052941-d.html</a> |
| 942 ## - ADDED ENTRY ELEMENTS (KOHA) | |
| Item type | Book - Borrowing |
| Call number prefix | 621.3815SCH |
| Withdrawn status | Item status | Damaged status | Not for loan | Home library | Current library | Shelving location | Date acquired | Source of acquisition | Total Checkouts | Full call number | Barcode | Date last seen | Koha item type |
|---|---|---|---|---|---|---|---|---|---|---|---|---|---|
| Central Library | Central Library | First floor | 02/03/2008 | Purchase | 621.3815SCH | 000009958 | 15/07/2025 | Book - Borrowing |